Sanat: Cheek Jippikayjei - Statistics

Yleistilastot
  • Tätä visaa on pelattu 50 kertaa
  • Keskiarvotulos 154 / 327
Vastaustilastot
Vastaus % Oikein
Jippikayjei
100%
Voi
100%
En
96%
Anna
93%
Hei
93%
Minkään
93%
93%
Se
93%
Seisoo
93%
Tiellä
93%
Tulin
93%
Voittamaan
93%
Voittajaa
79%
On
68%
Tsiigaat
64%
Tää
61%
Ja
57%
54%
Vaan
54%
Ei
50%
Et
50%
Voittaa
50%
Jos
46%
Jotka
46%
Niille
46%
Häviäjä
43%
Ku
43%
Mun
43%
Tulla
43%
Antaa
39%
Että
39%
Huono
39%
Niin
39%
Pakko
39%
Jotai
36%
Kaiken
36%
Koittaa
36%
Aina
32%
Aivan
32%
Draivia
32%
Hulluutta
32%
Jotain
32%
Mitä
32%
Oon
32%
Pää
32%
Siis
32%
Täs
32%
Voittajina
32%
Hikee
29%
Himas
29%
Kaikki
29%
Kaikkia
29%
Kun
29%
Of
29%
Pukuhuone
29%
Rakkautta
29%
Selvii
29%
The
29%
Tiger
29%
Tsemppauskamaa
29%
Vaatii
29%
Vaik
29%
Verta
29%
Eye
25%
Herran
25%
Kovempaa
25%
Löytää
25%
Luusereiden
25%
Nimeen
25%
Sen
25%
Tääl
25%
Vannomista
25%
Vastustajaa
25%
Vetää
25%
Voittajille
25%
Asti
21%
Jalat
21%
Kulkee
21%
Kyyneleitä
21%
Loppuun
21%
Maassa
21%
Näät
21%
Petrausvaraa
21%
Pilvissä
21%
Tai
21%
Itkeneen
18%
Itsekseen
18%
Kannustaa
18%
Kantsi
18%
Maniaa
18%
Nähty
18%
Opettaa
18%
Päättää
18%
Rocky
18%
Silmistä
18%
Suututtas
18%
Tahdon
18%
Tahdot
18%
Tarvitaan
18%
Vetämistä
18%
Voiton
18%
2012
14%
Balboa
14%
Haluu
14%
Ikinä
14%
Keväällä
14%
Kovuutta
14%
Likoon
14%
Mulla
14%
Päälliköidenkin
14%
Presidentti
14%
Totuutta
14%
Voittajat
14%
Elävä
11%
Esimerkki
11%
Häviäjät
11%
Hoitaa
11%
Luennoimaan
11%
Näin
11%
Nikke T
11%
Nuorempiaan
11%
Nyt
11%
Ollu
11%
Puheen
11%
Riittää
11%
Saada
11%
Selkää
11%
Siks
11%
Sinne
11%
Suoraa
11%
Tekee
11%
Tulee
11%
Unelmoimaan
11%
Ainaki
7%
Elämääni
7%
Elän
7%
Genree
7%
Kauan
7%
Kauppakorkeeseen
7%
Kelaa
7%
Kipinää
7%
Koitin
7%
Koko
7%
Kuunnellaan
7%
Luovuutta
7%
Maali
7%
Mahdollista
7%
Mulle
7%
Nalia
7%
Natsannu
7%
Noin
7%
Päin
7%
Proffat
7%
Pyys
7%
Rikkauksiin
7%
Ryysyistä
7%
Saavuttaminen
7%
Suostu
7%
Takia
7%
Tätä
7%
Unelmaani
7%
Uudestaan
7%
Ekal
4%
Irti
4%
Itsestäin
4%
Otin
4%
Tupeloimaan
4%
Viileyttä
4%
Ehtoja vastaavia visoja ei löytynyt
Tulosjakauma
Jokaisen tuloksen saaneiden osuus
Persentiili vastausten määrän mukaan
Tuloshistoriasi
Et ole pelannut tätä visaa